Con chim trốn tuyết

Uloženo v:
Podrobná bibliografie
Hlavní autor: Gallico, Paul
Médium: Kniha
Jazyk:Undetermined
Vydáno: Thành phố Hồ Chí Minh Văn nghệ Thành phố Hồ Chí Minh 2001
Témata:
Tagy: Přidat tag
Žádné tagy, Buďte první, kdo otaguje tento záznam!
Thư viện lưu trữ: Trung tâm Học liệu Trường Đại học Cần Thơ
LEADER 00613nam a2200205Ia 4500
001 CTU_64106
008 210402s9999 xx 000 0 und d
020 |b 15000 
082 |a 813.5 
082 |b G168 
100 |a Gallico, Paul 
245 0 |a Con chim trốn tuyết 
245 0 |c Paul, Gallico 
260 |a Thành phố Hồ Chí Minh 
260 |b Văn nghệ Thành phố Hồ Chí Minh 
260 |c 2001 
650 |a French fiction ( vietnamese ),Tiểu thuyết Pháp 
650 |y 20th century 
904 |i Năm 
980 |a Trung tâm Học liệu Trường Đại học Cần Thơ